Statistiques concernant Les 10 plus grands producteurs d'électricité

Cliquez ici pour prendre le quiz!

Statistiques générales

  • Ce quiz a été pris 86 fois
  • Le résultat moyen est 9 sur 10

Statistiques - réponses

Production en milliards de kWhRéponse% Correct
5 883Chine
100%
529France
99%
4 095Etats-Unis
97%
1 031Russie
97%
612Allemagne
95%
989Japon
95%
567Brésil
91%
649Canada
91%
1 386Inde
91%
526Corée du Sud
68%

Distribution des résultats

Percentile par nombre de réponses

% des personnes avec chaque résultat

Votre développement - résultats

Vous n’avez pas pris ce quiz